00381nam a2200157Ia 45000010006000000050017000060080041000230410008000640820015000721000022000872450057001092600009001663000032001756500008002076540008002151406820260306164847.0260306t2006||||xx |||||||||||||| ||spa|| aESP a006.3bY47 aYen, Gary Y.eAUT 0aComputational intelligence:bprinciples and practice c2006 aiv, 256 páginas :c28 cm. aGEN aCCC